Statistics for Best NBA Players of the 1990s

Click here to take the quiz!

General Stats

  • This quiz has been taken 119 times
  • The average score is 16 of 20

Answer Stats

#AnswerTeam% Correct
1Michael JordanChicago Bulls
100%
11Scottie PippenChicago Bulls
100%
4Hakeem OlajuwonHouston Rockets
99%
2Karl MaloneUtah Jazz
99%
12John StocktonUtah Jazz
98%
3Shaquille O'NealOrlando Magic
98%
5David RobinsonSan Antonio Spurs
97%
8Magic JohnsonLos Angeles Lakers
97%
9Reggie MillerIndiana Pacers
95%
7Clyde DrexlerPortland TrailBlazers
93%
10Larry BirdBoston Celtics
93%
16Patrick EwingNew York Knicks
90%
6Charles BarkleyPhoenix Suns
89%
19Tim HardawayMiami Heat
87%
13Gary PaytonSupersonics
86%
14Horace GrantOrlando Magic
61%
15Jeff HornacekUtah Jazz
58%
20Dikembe MutomboAtlanta Hawks
42%
18Craig HodgesChicago Bulls
12%
17Vlade DivacCharlotte Hornets
9%

Score Distribution

Percentile by Number Answered

Percent of People with Each Score

Your Score History

You have not taken this quiz